| 000 | 00749nam a22001817a 4500 | ||
|---|---|---|---|
| 999 |
_c15179 _d15179 |
||
| 003 | OSt | ||
| 082 | _2631.587 SOO/GR | ||
| 088 | _aT 188 | ||
| 100 |
_aSOORAJ KANNAN P. V _93399 |
||
| 245 | _aGround water augmentation plan for a degraded western ghat terrain using remote sensing and GIS | ||
| 260 |
_aTavanur 2007 _bDepartment of Irrigation and Drainage Engineering |
||
| 300 | _a107 | ||
| 500 | _aGround water augmentation plan for a degraded western ghat terrain using remote sensing and GIS | ||
| 520 | _aGround water augmentation plan for a degraded western ghat terrain using remote sensing and GIS | ||
| 700 |
_aDr. E. K Mathew (Guide) _93400 |
||
| 856 | _uhttps://drive.google.com/open?id=1O37HLZGK1kJFumiYMCqWc_f9AVSGqXg6 | ||
| 942 | _cTH | ||